Normal view
MARC view
- بقلم محمود، عبد الغني عبد الحميد؛ تقديم محمد سيد طنطاوي
Entry Personal Name
001 - CONTROL NUMBER
- control field: 47340
003 - CONTROL NUMBER IDENTIFIER
- control field: JO-AjAnu
005 - DATE AND TIME OF LATEST TRANSACTION
- control field: 20230606081821.0
008 - FIXED-LENGTH DATA ELEMENTS
- fixed length control field: 230606|| aca||aabn | a|a d
040 ## - CATALOGING SOURCE
- Original cataloging agency: JO-AjAnu
- Transcribing agency: JO-AjAnu
100 ## - HEADING--PERSONAL NAME
- Personal name: بقلم محمود، عبد الغني عبد الحميد؛ تقديم محمد سيد طنطاوي
670 ## - SOURCE DATA FOUND
- Source citation: Work cat.: (JO-AjAnu)24226: بقلم محمود، عبد الغني عبد الحميد؛ تقديم محمد سيد طنطاوي, author, حماية ضحايا النزاعات المسلحة في القانون الانساني والشريعة الاسلامية